• 首页
  • 本馆介绍
  • 公告通知
  • 最新文献
  • 馆藏检索
  • 电子资源
  • 读者导购
  • 参考咨询
  • 我的图书馆
  • 登录
  • 详细信息显示
  • 放入我的书架
  • 预约/预借图书
  • 作者相关作品
  • 分类相关作品
  • 丛书相关作品
  • 出版社相关作品

书目信息

  • 表格格式
  • 工作单格式
  • 卡片格式
书名: Essential mathematics
作者: Mervin L. Keedy, Marvin L. Bittinger, William B. Rudolph.
分册号:
分册名:
出版地: Reading, Mass. :
 
出版社: Addison-Wesley
出版时间: c1992.
页数: xx, 910 p. :
开本: 28 cm.
丛书名:
中图分类号:
科图分类号:
其他分类号: O1
主题词:
电子资源:
000 00774pam a2200265 a 450
001 E0731298239
005 20070713085137.89
008 911021s1992 maua 001 0 eng
010    @a91041644
020    @a0201566060.
035    @A(DLC) 91041644
040    @aDLC@cDLC@dDLC
050 00 @aQA39.2@b.K43 1992
082 00 @a513/.14@2 20
090    @aO1
099    @dO1@ex25=6
100 1  @aKeedy, Mervin Laverne.
245 10 @aEssential mathematics / @cMervin L. Keedy, Marvin L. Bittinger, William B. Rudolph.
250    @a6th ed.
260    @aReading, Mass. :@bAddison-Wesley,@cc1992.
300    @axx, 910 p. :@bill. (some col.) ;@c28 cm.
500    @aIncludes index.
650  0 @aMathematics.
700 1  @aBittinger, Marvin L.
700 1  @aRudolph, William B.,@d1938-
    
    Essential mathematics / / Mervin L. Keedy, Marvin L. Bittinger, William B. Rudolph.-6th ed.-Reading, Mass. : : Addison-Wesley, , c1992.
    xx, 910 p. : : ill. (some col.) ; ; 28 cm.
    Includes index.
    
    ISBN 0201566060.
    
●
相关链接 在E读中查询图书 在五车中查询图书 在当当中查询图书 在豆瓣中查询图书


正题名:Essential mathematics     索取号:O1/x25=6         预约/预借

序号 登录号 条形码 馆藏地/架位号 状态 备注
1 0013169   300131694   第二样本阅览室/ [索取号:O1/x25=6] 在馆    
2 0013170   300131701   第四借阅区/ [索取号:O1/x25=6] 在馆    
3 0013171   300131710   第四借阅区/ [索取号:O1/x25=6] 在馆    
唐山师范学院图书馆 欢迎您!
大连网信软件有限公司© 版权所有